| 000 | 00359nam a2200145Ia 4500 | ||
|---|---|---|---|
| 008 | 150201s1999 xx 000 0 und d | ||
| 082 |
_a612 _bP99G |
||
| 100 | _aGHAI,C.L | ||
| 245 | 2 | _aA TEXT BOOK OF PRACTICAL PHYSIOLOGY | |
| 250 | _a5TH | ||
| 260 |
_bJAYPEE MEDICAL PUBLISHER _aDELHI _c1999 |
||
| 300 | _a1-443 | ||
| 650 | _aPHYSIOLOGY | ||
| 942 |
_2ddc _cBK _06 |
||
| 999 |
_c2460 _d2460 |
||